Wszystkie powiaty w Polsce ze znikającą mapą - Statystyki

Ogólne statystyki
  • Ten quiz został rozwiązany 147 razy
  • Średni wynik to 200 z 380
Odpowiedzi na mapie
Odpowiedzi zakodowano w zielono-czerwonej skali na mapie do tego quizu, zgodnie z poniższymi procentami.
 
Statystyki odpowiedzi
Województwo Powiat % Poprawnych
Zachodniopomorskie miasto {Świnoujście}
76%
Zachodniopomorskie miasto {Szczecin}
76%
Pomorskie miasto {Gdańsk}
75%
Zachodniopomorskie miasto {Koszalin}
75%
Zachodniopomorskie koszaliński
73%
Pomorskie miasto {Gdynia}
73%
Podlaskie | Śląskie bielski
71%
Lubuskie gorzowski
71%
Lubuskie miasto {Gorzów Wielkopolski}
71%
Łódzkie miasto {Łódź}
71%
Wielkopolskie miasto {Poznań}
71%
Pomorskie miasto {Sopot}
71%
Pomorskie pucki
71%
Świętokrzyskie kielecki
70%
Zachodniopomorskie kołobrzeski
70%
Świętokrzyskie miasto {Kielce}
70%
Małopolskie miasto {Kraków}
70%
Opolskie miasto {Opole}
70%
Pomorskie miasto {Słupsk}
70%
Lubelskie | Opolskie opolski
70%
Pomorskie słupski
70%
Warmińsko-mazurskie elbląski
68%
Pomorskie gdański
68%
Pomorskie malborski
68%
Lubelskie miasto {Chełm}
68%
Warmińsko-mazurskie miasto {Elbląg}
68%
Lubelskie miasto {Lublin}
68%
Warmińsko-mazurskie miasto {Olsztyn}
68%
Mazowieckie miasto {Warszawa}
68%
Dolnośląskie miasto {Wrocław}
68%
Wielkopolskie poznański
68%
Dolnośląskie wrocławski
68%
Podlaskie białostocki
67%
Dolnośląskie kłodzki
67%
Wielkopolskie koniński
67%
Małopolskie krakowski
67%
Lubuskie | Podkarpackie krośnieński
67%
Podlaskie miasto {Białystok}
67%
Śląskie miasto {Częstochowa}
67%
Wielkopolskie miasto {Konin}
67%
Mazowieckie miasto {Radom}
67%
Podkarpackie miasto {Rzeszów}
67%
Małopolskie miasto {Tarnów}
67%
Lubelskie miasto {Zamość}
67%
Lubuskie miasto {Zielona Góra}
67%
Warmińsko-mazurskie olsztyński
67%
Dolnośląskie wałbrzyski
67%
Pomorskie wejherowski
67%
Lubuskie zielonogórski
67%
Kujawsko-pomorskie bydgoski
65%
Dolnośląskie karkonoski
65%
Dolnośląskie legnicki
65%
Śląskie miasto {Bielsko-Biała}
65%
Kujawsko-pomorskie miasto {Bydgoszcz}
65%
Śląskie miasto {Katowice}
65%
Dolnośląskie miasto {Legnica}
65%
Małopolskie miasto {Nowy Sącz}
65%
Podkarpackie miasto {Przemyśl}
65%
Śląskie miasto {Sosnowiec}
65%
Podlaskie miasto {Suwałki}
65%
Kujawsko-pomorskie miasto {Toruń}
65%
Dolnośląskie miasto {Wałbrzych}
65%
Mazowieckie | Pomorskie nowodworski
65%
Mazowieckie | Wielkopolskie ostrowski
65%
Wielkopolskie pilski
65%
Zachodniopomorskie policki
65%
Podkarpackie przemyski
65%
Mazowieckie radomski
65%
Podkarpackie rzeszowski
65%
Łódzkie skierniewicki
65%
Podlaskie suwalski
65%
Małopolskie tarnowski
65%
Pomorskie tczewski
65%
Kujawsko-pomorskie toruński
65%
Lubelskie zamojski
65%
Śląskie częstochowski
63%
Wielkopolskie kaliski
63%
Lubelskie lubelski
63%
Dolnośląskie miasto {Jelenia Góra}
63%
Wielkopolskie miasto {Kalisz}
63%
Podkarpackie miasto {Krosno}
63%
Łódzkie miasto {Skierniewice}
63%
Lubelskie bialski
62%
Małopolskie | Opolskie brzeski
62%
Lubelskie chełmski
62%
Pomorskie lęborski
62%
Lubelskie miasto {Biała Podlaska}
62%
Śląskie miasto {Gliwice}
62%
Kujawsko-pomorskie miasto {Grudziądz}
62%
Podlaskie miasto {Łomża}
62%
Mazowieckie miasto {Ostrołęka}
62%
Łódzkie miasto {Piotrków Trybunalski}
62%
Mazowieckie miasto {Płock}
62%
Śląskie miasto {Rybnik}
62%
Mazowieckie miasto {Siedlce}
62%
Opolskie nyski
62%
Mazowieckie ostrołęcki
62%
Łódzkie piotrkowski
62%
Świętokrzyskie sandomierski
62%
Mazowieckie siedlecki
62%
Zachodniopomorskie stargardzki
62%
Małopolskie tatrzański
62%
Śląskie żywiecki
62%
Pomorskie chojnicki
60%
Kujawsko-pomorskie grudziądzki
60%
Podlaskie hajnowski
60%
Wielkopolskie kolski
60%
Wielkopolskie miasto {Leszno}
60%
Podkarpackie miasto {Tarnobrzeg}
60%
Śląskie miasto {Zabrze}
60%
Małopolskie nowosądecki
60%
Małopolskie oświęcimski
60%
Mazowieckie płocki
60%
Pomorskie starogardzki
60%
Podkarpackie tarnobrzeski
60%
Lubelskie | Łódzkie tomaszowski
60%
Dolnośląskie zgorzelecki
60%
Podlaskie augustowski
59%
Śląskie cieszyński
59%
Warmińsko-mazurskie ełcki
59%
Zachodniopomorskie kamieński
59%
Śląskie miasto {Chorzów}
59%
Śląskie miasto {Dąbrowa Górnicza}
59%
Śląskie miasto {Tychy}
59%
Podkarpackie mielecki
59%
Łódzkie bełchatowski
57%
Warmińsko-mazurskie giżycki
57%
Wielkopolskie gnieźnieński
57%
Zachodniopomorskie gryficki
57%
Zachodniopomorskie gryfiński
57%
Wielkopolskie leszczyński
57%
Łódzkie łódzki wschodni
57%
Podlaskie łomżynski
57%
Dolnośląskie lubiński
57%
Śląskie miasto {Ruda Śląska}
57%
Podkarpackie sanocki
57%
Łódzkie sieradzki
57%
Małopolskie wadowicki
57%
Łódzkie wieluński
57%
Kujawsko-pomorskie włocławski
57%
Podkarpackie bieszczadzki
56%
Pomorskie bytowski
56%
Opolskie kluczborski
56%
Łódzkie łęczycki
56%
Śląskie miasto {Bytom}
56%
Kujawsko-pomorskie miasto {Włocławek}
56%
Małopolskie nowotarski
56%
Świętokrzyskie ostrowiecki
56%
Łódzkie pabianicki
56%
Mazowieckie pruszkowski
56%
Lubelskie puławski
56%
Śląskie rybnicki
56%
Świętokrzyskie starachowicki
56%
Dolnośląskie | Lubelskie świdnicki
56%
Łódzkie zduńskowolski
56%
Śląskie gliwicki
54%
Warmińsko-mazurskie gołdapski
54%
Lubelskie hrubieszowski
54%
Śląskie miasto {Jastrzębie-Zdrój}
54%
Śląskie miasto {Jaworzno}
54%
Śląskie miasto {Mysłowice}
54%
Śląskie miasto {Siemianowice Śląskie}
54%
Śląskie miasto {Żory}
54%
Dolnośląskie oleśnicki
54%
Świętokrzyskie opatowski
54%
Zachodniopomorskie sławieński
54%
Lubuskie żarski
54%
Warmińsko-mazurskie bartoszycki
52%
Małopolskie bocheński
52%
Dolnośląskie głogowski
52%
Mazowieckie | Wielkopolskie grodziski
52%
Warmińsko-mazurskie iławski
52%
Pomorskie kartuski
52%
Łódzkie kutnowski
52%
Mazowieckie legionowski
52%
Śląskie miasto {Piekary Śląskie}
52%
Mazowieckie miński
52%
Mazowieckie mławski
52%
Warmińsko-mazurskie mrągowski
52%
Zachodniopomorskie szczecinecki
52%
Zachodniopomorskie wałecki
52%
Mazowieckie wołomiński
52%
Śląskie zawierciański
52%
Łódzkie zgierski
52%
Świętokrzyskie buski
51%
Mazowieckie grójecki
51%
Opolskie kędzierzyńsko-kozielski
51%
Warmińsko-mazurskie kętrzyński
51%
Opolskie namysłowski
51%
Dolnośląskie oławski
51%
Dolnośląskie | Wielkopolskie średzki
51%
Podkarpackie stalowowolski
51%
Opolskie strzelecki
51%
Lubuskie świebodziński
51%
Wielkopolskie turecki
51%
Mazowieckie warszawski-zachodni
51%
Małopolskie wielicki
51%
Śląskie wodzisławski
51%
Lubuskie żagański
51%
Wielkopolskie złotowski
51%
Dolnośląskie bolesławiecki
49%
Małopolskie chrzanowski
49%
Pomorskie człuchowski
49%
Małopolskie dąbrowski
49%
Zachodniopomorskie drawski
49%
Małopolskie gorlicki
49%
Świętokrzyskie jędrzejowski
49%
Podkarpackie leski
49%
Śląskie miasto {Świętochłowice}
49%
Lubuskie międzyrzecki
49%
Lubuskie nowosolski
49%
Mazowieckie otwocki
49%
Mazowieckie piaseczyński
49%
Łódzkie radomszczański
49%
Lubuskie słubicki
49%
Świętokrzyskie włoszczowski
49%
Kujawsko-pomorskie aleksandrowski
48%
Zachodniopomorskie białogardzki
48%
Podkarpackie dębicki
48%
Opolskie głubczycki
48%
Podkarpackie jarosławski
48%
Śląskie kłobucki
48%
Świętokrzyskie konecki
48%
Pomorskie kościerski
48%
Pomorskie kwidzyński
48%
Warmińsko-mazurskie lidzbarski
48%
Lubelskie lubartowski
48%
Warmińsko-mazurskie nowomiejski
48%
Łódzkie opoczyński
48%
Warmińsko-mazurskie ostródzki
48%
Podlaskie siemiatycki
48%
Świętokrzyskie skarżyski
48%
Śląskie tarnogórski
48%
Kujawsko-pomorskie tucholski
48%
Warmińsko-mazurskie węgorzewski
48%
Lubuskie wschowski
48%
Mazowieckie żyrardowski
48%
Śląskie będziński
46%
Lubelskie biłgorajski
46%
Warmińsko-mazurskie braniewski
46%
Kujawsko-pomorskie chełmiński
46%
Mazowieckie ciechanowski
46%
Mazowieckie garwoliński
46%
Zachodniopomorskie goleniowski
46%
Kujawsko-pomorskie inowrocławski
46%
Podkarpackie jasielski
46%
Dolnośląskie kamiennogórski
46%
Świętokrzyskie kazimierski
46%
Łódzkie łowicki
46%
Śląskie mikołowski
46%
Małopolskie myślenicki
46%
Zachodniopomorskie myśliborski
46%
Małopolskie olkuski
46%
Mazowieckie płoński
46%
Mazowieckie pułtuski
46%
Śląskie raciborski
46%
Wielkopolskie rawicki
46%
Łódzkie rawski
46%
Mazowieckie sokołowski
46%
Podlaskie sokólski
46%
Małopolskie suski
46%
Pomorskie sztumski
46%
Podlaskie wysokomazowiecki
46%
Podlaskie zambrowski
46%
Śląskie bieruńsko-lędziński
44%
Wielkopolskie gostyński
44%
Podlaskie grajewski
44%
Lubelskie janowski
44%
Wielkopolskie jarociński
44%
Wielkopolskie kępiński
44%
Lubelskie kraśnicki
44%
Lubelskie krasnostawski
44%
Śląskie lubliniecki
44%
Małopolskie miechowski
44%
Kujawsko-pomorskie nakielski
44%
Wielkopolskie obornicki
44%
Opolskie prudnicki
44%
Śląskie pszczyński
44%
Podlaskie sejneński
44%
Wielkopolskie śremski
44%
Dolnośląskie ząbkowicki
44%
Warmińsko-mazurskie działdowski
43%
Dolnośląskie jaworski
43%
Opolskie krapkowicki
43%
Łódzkie łaski
43%
Lubelskie łęczyński
43%
Małopolskie limanowski
43%
Zachodniopomorskie łobeski
43%
Dolnośląskie lwówecki
43%
Warmińsko-mazurskie olecki
43%
Łódzkie pajęczański
43%
Wielkopolskie pleszewski
43%
Łódzkie poddębicki
43%
Dolnośląskie polkowicki
43%
Wielkopolskie słupecki
43%
Mazowieckie sochaczewski
43%
Lubuskie sulęciński
43%
Zachodniopomorskie świdwiński
43%
Wielkopolskie wągrowiecki
43%
Podkarpackie brzozowski
41%
Dolnośląskie dzierżoniowski
41%
Mazowieckie gostyniński
41%
Podkarpackie łańcucki
41%
Dolnośląskie lubański
41%
Dolnośląskie milicki
41%
Śląskie myszkowski
41%
Warmińsko-mazurskie nidzicki
41%
Wielkopolskie nowotomyski
41%
Opolskie oleski
41%
Wielkopolskie ostrzeszowski
41%
Lubelskie rycki
41%
Kujawsko-pomorskie świecki
41%
Wielkopolskie szamotulski
41%
Łódzkie wieruszowski
41%
Dolnośląskie złotoryjski
41%
Kujawsko-pomorskie brodnicki
40%
Łódzkie brzeziński
40%
Wielkopolskie chodzieski
40%
Dolnośląskie górowski
40%
Podkarpackie leżajski
40%
Mazowieckie łosicki
40%
Lubuskie strzelecko-drezdenecki
40%
Mazowieckie węgrowski
40%
Wielkopolskie wolsztyński
40%
Mazowieckie białobrzeski
38%
Kujawsko-pomorskie golubsko-dobrzyński
38%
Mazowieckie makowski
38%
Wielkopolskie międzychodzki
38%
Podkarpackie niżański
38%
Świętokrzyskie pińczowski
38%
Małopolskie proszowicki
38%
Zachodniopomorskie pyrzycki
38%
Mazowieckie sierpecki
38%
Świętokrzyskie staszowski
38%
Warmińsko-mazurskie szczycieński
38%
Dolnośląskie trzebnicki
38%
Lubelskie włodawski
38%
Wielkopolskie wrzesiński
38%
Mazowieckie wyszkowski
38%
Mazowieckie żuromiński
38%
Wielkopolskie czarnkowsko-trzcianecki
37%
Podkarpackie kolbuszowski
37%
Wielkopolskie kościański
37%
Mazowieckie kozienicki
37%
Kujawsko-pomorskie lipnowski
37%
Podkarpackie lubaczowski
37%
Lubelskie łukowski
37%
Podlaskie moniecki
37%
Warmińsko-mazurskie piski
37%
Mazowieckie przysuski
37%
Kujawsko-pomorskie żniński
37%
Mazowieckie zwoleński
37%
Podlaskie kolneński
35%
Mazowieckie lipski
35%
Kujawsko-pomorskie mogileński
35%
Mazowieckie przasnyski
35%
Podkarpackie przeworski
35%
Podkarpackie ropczycko-sędziszowski
35%
Kujawsko-pomorskie rypiński
35%
Dolnośląskie strzeliński
35%
Wielkopolskie krotoszyński
33%
Kujawsko-pomorskie sępoleński
33%
Kujawsko-pomorskie wąbrzeski
33%
Lubelskie radzyński
32%
Mazowieckie szydłowiecki
32%
Dolnośląskie wołowski
32%
Zachodniopomorskie choszczeński
30%
Kujawsko-pomorskie radziejowski
29%
Podkarpackie strzyżowski
29%
Lubelskie parczewski
25%
Nie znaleziono quizów pasujących do podanych kryteriów
Rozkład punktacji
Procent ludzi z każdym wynikiem
Percentyl według liczby udzielonych odpowiedzi
Twoja historia wyników
Nie rozwiązałeś tego quizu